00444 a2200169 450000100060000002000180000604000220002410000160004624000200006224500150008230000080009736200090010565000230011494200070013795201130014499900170025764169 a9788566222005 cAnchieta - Pituba aKahn, James10aOs goonieslpor10aOs goonies a2400 a2012 4aLiteratura juvenil cBK 00104070a91.1b91.1d2023-11-21l0oLJ 028.5 K12g KAH GOOp17800/PITr2023-11-21 18:32:35w2023-11-21yBK c64169d64169